KOHA-Header-6

A Good Girl's Guide to Murder (Record no. 12707)

000 -LEADER
fixed length control field 00273nam a22001217a 4500
020 ## - INTERNATIONAL STANDARD BOOK NUMBER
ISBN 9781405293181
082 ## - DEWEY DECIMAL CLASSIFICATION NUMBER
Classification number 823.92
100 ## - MAIN ENTRY--AUTHOR NAME
Personal name Jackson,Holly
245 ## - TITLE STATEMENT
Title A Good Girl's Guide to Murder
260 ## - PUBLICATION, DISTRIBUTION, ETC. (IMPRINT)
Place of publication UK
Name of publisher Electric Monkey
Year of publication 2019
300 ## - PHYSICAL DESCRIPTION
Number of Pages 432, pages.
942 ## - ADDED ENTRY ELEMENTS (KOHA)
Koha item type Books
Holdings
Withdrawn status Lost status Collection code Permanent Location Current Location Shelving location Date acquired Full call number Accession Number Koha item type
    Fiction MAJU MAJU Shelf No.A23 2020-12-29 823.92 9894 English Literature

Powered by Koha